000 00396nam a2200169Ia 4500
008 221030s9999 xx 000 0 und d
020 _a9788131805954
041 _aEnglish
082 _a105.23
100 _aR. K. Rajput
245 0 _aThermal Engineering
_cby R. K. Rajput
250 _a7th
260 _bLaxmi Pub.
_aNew Delhi
_c2009
300 _a1679
650 _aMechanical
942 _cBK
999 _c8964
_d8964